Santos Padroeiros dos Estados Brasileiros - Statistics

Estatísticas Gerais
  • Esse quiz foi jogado 111 vezes
  • A pontuação média é 9 de 27
Estatísticas das Respostas
Estado Padroeiro(a) % Correto
São Paulo São Paulo
90%
Rio Grande do Sul Nossa Senhora dos Navegantes/Nossa Senhora Medianeira/São Pedro
67%
Amapá São José
67%
Ceará São José
67%
Santa Catarina Santa Catarina de Alexandria
64%
Rio de Janeiro São Sebastião
58%
Acre Nossa Senhora da Conceição
41%
Amazonas Nossa Senhora da Conceição
41%
Bahia Nossa Senhora da Conceição
41%
Sergipe Nossa Senhora da Conceição
41%
Goiás Santa Ana
39%
Pará Nossa Senhora de Nazaré
36%
Rondônia Nossa Senhora de Nazaré
36%
Espírito Santo Nossa Senhora da Penha
24%
Pernambuco Nossa Senhora do Carmo
22%
Roraima Nossa Senhora do Carmo
22%
Minas Gerais Nossa Senhora da Piedade
20%
Paraíba Nossa Senhora das Neves
20%
Mato Grosso do Sul Nossa Senhora do Perpétuo Socorro
19%
Distrito Federal São João Bosco
19%
Paraná Nossa Senhora do Rosário do Rocio
18%
Piauí Nossa Senhora da Vitória
15%
Mato Grosso Nosso Senhor Bom Jesus
14%
Tocantins Nossa Senhora da Natividade
13%
Maranhão São José de Ribamar
11%
Alagoas Nossa Senhora dos Prazeres
10%
Rio Grande do Norte Santos Mártires de Cunhaú e Uruaçu
7%
Nenhum quiz correspondente encontrado
Distribuição das Pontuações
Porcentagem de Pessoas com Cada Pontuação
Percentil de Números Respondidos
Sua Pontuação Histórica
Você não jogou esse quiz